000 00437nam a2200145Ia 4500
008 231129s2008||||xx |||||||||||||| ||spa||
020 _a978-958-45-0669-6
040 _bspa
082 _a364.65 A662d
100 _aArango Rivadeneira Rodolfo
245 0 _aDerechos humanos como lí­mite a la democracia: análisis de la ley de justicia y paz
260 _c2008
264 _aNorma
942 _2ddc
_cBKS
999 _c9004
_d9004